Mystery of Atom / (Record no. 154135)

MARC details
000 -LEADER
fixed length control field 00566nam a22001937a 4500
005 - DATE AND TIME OF LATEST TRANSACTION
control field 20180717105942.0
010 ## - LCCN (DPL NO)
LC control number ENG-123480
020 ## - INTERNATIONAL STANDARD BOOK NUMBER
International Standard Book Number 9788192251714
Terms of availability 495.00
035 ## - SYSTEM CONTROL NUMBER
System control number EN-107012
037 ## - SOURCE OF ACQUISITION
Source of stock number/acquisition DBAD/PUB
082 ## - DEWEY DECIMAL CLASSIFICATION NUMBER
Classification number 539.7
100 ## - MAIN ENTRY--PERSONAL NAME
Personal name Sharma, Nitin
245 ## - TITLE STATEMENT
Title Mystery of Atom /
Statement of responsibility, etc by Nitin Sharma
260 ## - PUBLICATION, DISTRIBUTION, ETC. (IMPRINT)
Place of publication, distribution, etc New Delhi
Name of publisher, distributor, etc The Book Line
Date of publication, distribution, etc 2012
270 ## - ADDRESS
Address 106, 4787/23, Ist Floor, Ansari Road, Daryaganj,
City New Delhi
Postal code 110002
300 ## - PHYSICAL DESCRIPTION
Extent 150p.
Dimensions 21cm(pbk)
500 ## - GENERAL NOTE
General note It includes glossary
942 ## - ADDED ENTRY ELEMENTS (KOHA)
Source of classification or shelving scheme Dewey Decimal Classification
Item type English Books
Call number suffix SHA
Classification part 539.7
Holdings
Withdrawn status Lost status Not for loan Collection code Home library Current library Date acquired Source of acquisition Cost, normal purchase price Full call number Barcode Copy number Cost, replacement price Koha item type
    Not For Loan Non-fiction D.B.Act.Division Central Library 17/07/2018 DBAD/PUB 495.00 539.7 SHA EN-107012 1 495.00 English Books

© Delhi Public Library
Hit Counter
free hit counter